|
|
|
|
| LEADER |
00726nam a2200205 i 4500 |
| 001 |
misc58036 |
| 005 |
20210604172326.0 |
| 008 |
210604s1918 hu o 0|| hun d |
| 040 |
|
|
|a SZTE Miscellanea Repozitórium
|b hun
|
| 041 |
|
|
|a hun
|
| 100 |
1 |
|
|a Gopcsa László
|
| 245 |
1 |
2 |
|a A magyar gyorsírás története
|h [elektronikus dokumentum] /
|c Gopcsa László
|
| 260 |
|
|
|a Várnay L. Könyvnyomdája
|b Szeged, Magyarország
|c 1918
|
| 250 |
|
|
|a 2. bővített kiadás
|
| 300 |
|
|
|a 224 p.
|c 23 cm
|
| 650 |
|
4 |
|a Bölcsészettudományok
|
| 650 |
|
4 |
|a Történettudomány és régészet
|
| 650 |
|
4 |
|a Történettudomány
|
| 695 |
|
|
|a Gyorsírás története
|
| 856 |
4 |
0 |
|u http://misc.bibl.u-szeged.hu/58036/1/xb_154482.pdf
|z Dokumentum-elérés
|